000 00551nam a22001697a 4500
003 OSt
005 20240930153519.0
008 240930b |||||||| |||| 00| 0 eng d
040 _c0
082 _aDPer 050 R22 2000 June -December 2023 v123 no. 7124-728
100 _aMaynard, Rona.
_eauthor.
_961827
245 _aBonus read :
_bmy started dog /
_cRona Maynard.
260 _aTaipei ;
_bReader's Digest Asia,
_cSeptember 2023.
300 _aVolume 123, pages 88-101 ,
_billustration.
700 _aMaynard, Rona.
_eauthor.
_961827
942 _2ddc
_cPER
999 _c22007
_d22007